[Event "TUR Cup"]
[Site "Adapazari"]
[Date "2022.03.30"]
[Round "9"]
[White "Sahin, Fehim"]
[Black "Korkmaz, Necmettin"]
[Result "0-1"]
[WhiteElo "1648"]
[BlackElo "2050"]
[PlyCount "90"]
[EventDate "2022.03.25"]
[EventType "swiss"]
[EventRounds "11"]
[EventCountry "TUR"]
[SourceTitle "EXT 2023"]
[Source "ChessBase"]
[SourceDate "2022.10.05"]
[SourceVersion "1"]
[SourceVersionDate "2022.10.05"]
[SourceQuality "1"]

1. d4 d5 2. f4 Nf6 3. Nf3 Bf5 4. e3 e6 5. Bd3 Bxd3 6. Qxd3 Nbd7 7. Nbd2 c5 8. c3 Bd6 9. Ne5 0-0 10. 0-0 Rc8 11. a4 Ne8 12. Nxd7 Qxd7 13. e4 cxd4 14. cxd4 dxe4 15. Nxe4 Be7 16. Bd2 Nf6 17. Nxf6+ Bxf6 18. Bc3 Rfd8 19. Rfd1 Qd5 20. Kf2 Rc4 21. Ke3 e5 22. fxe5 Bxe5 23. g3 Bf6 24. Qe4 Qd7 25. Kf3 Re8 26. Qf4 h6 27. Rd3 Bg5 28. Qg4 f5 29. Qh5 Rxa4 30. Rad1 Ra6 31. d5 g6 32. Qh3 Qa4 33. Bd4 Qc4 34. Kf2 Qc2+ 35. Kg1 Re1+ 36. Rxe1 Qxd3 37. Bf2 Qxd5 38. Qf1 Re6 39. Rd1 Qf3 40. Rd3 Qe2 41. Qb1 a6 42. b4 Rc6 43. Qb3+ Qe6 44. Qa4 Rc1+ 45. Rd1 b5 0-1

[Event "TUR Cup"]
[Site "Adapazari"]
[Date "2022.03.29"]
[Round "7"]
[White "Sahin, Fehim"]
[Black "Isik, Kadri"]
[Result "0-1"]
[WhiteElo "1648"]
[BlackElo "1858"]
[PlyCount "36"]
[EventDate "2022.03.25"]
[EventType "swiss"]
[EventRounds "11"]
[EventCountry "TUR"]
[SourceTitle "EXT 2023"]
[Source "ChessBase"]
[SourceDate "2022.10.05"]
[SourceVersion "1"]
[SourceVersionDate "2022.10.05"]
[SourceQuality "1"]

1. f4 c5 2. Nf3 d5 3. g3 g6 4. Bg2 Bg7 5. 0-0 Nf6 6. d3 0-0 7. Ne5 Nc6 8. Nxc6 bxc6 9. e4 e5 10. Nc3 exf4 11. gxf4 Ng4 12. Qf3 Bd4+ 13. Kh1 Qh4 14. h3 Nf2+ 15. Kh2 Rb8 16. f5 gxf5 17. exf5 h5 18. Qg3+ Ng4+ 0-1

[Event "TUR Cup"]
[Site "Adapazari"]
[Date "2022.03.27"]
[Round "4"]
[White "Cakli, Umut"]
[Black "Sahin, Fehim"]
[Result "0-1"]
[WhiteElo "1084"]
[BlackElo "1648"]
[PlyCount "126"]
[EventDate "2022.03.25"]
[EventType "swiss"]
[EventRounds "11"]
[EventCountry "TUR"]
[SourceTitle "EXT 2023"]
[Source "ChessBase"]
[SourceDate "2022.10.05"]
[SourceVersion "1"]
[SourceVersionDate "2022.10.05"]
[SourceQuality "1"]

1. d4 c6 2. c4 d5 3. Nc3 Nf6 4. e3 Bg4 5. Qc2 e6 6. a3 Bd6 7. c5 Bc7 8. Bd3 e5 9. f3 Bh5 10. Nge2 Nbd7 11. 0-0 0-0 12. Ng3 Bg6 13. Nf5 Re8 14. b4 a6 15. Bd2 e4 16. fxe4 Bxh2+ 17. Kxh2 Ng4+ 18. Kg3 Qg5 19. Kh3 Bxf5 20. Rxf5 Nf2+ 21. Rxf2 Qh5+ 22. Kg3 Re6 23. exd5 Rh6 24. Rf4 g5 25. Rg4 Nf6 26. Be2 Nxg4 27. Bxg4 Qh4+ 28. Kf3 Rf6+ 29. Bf5 Qh5+ 30. Kf2 g4 31. e4 Re8 32. Bf4 g3+ 33. Bxg3 Qg5 34. Ne2 cxd5 35. Qc1 Qh5 36. Qf4 Rxe4 37. Bxh7+ Kg7 38. Bxe4 dxe4 39. Qxf6+ Kxf6 40. Be5+ Ke7 41. Bd6+ Kd7 42. Ng3 Qg4 43. Re1 f5 44. Rh1 Ke6 45. Ne2 Kd5 46. Ke3 Qg5+ 47. Nf4+ Kc4 48. Rh3 Qg4 49. Be5 Qd1 50. d5 Qe1+ 51. Ne2 Kxd5 52. Bc3 Qd1 53. Kf2 Kc4 54. g3 Qd3 55. a4 Qf3+ 56. Ke1 Qg2 57. Rh7 e3 58. Rh4+ Kb3 59. Rf4 Qh1+ 60. Rf1 Qd5 61. Nd4+ Kxc3 62. Ne2+ Kxb4 63. Rf4+ Kxc5 0-1

[Event "TUR-chT Clubs"]
[Site "Konya"]
[Date "2019.07.21"]
[Round "9.19"]
[White "Unutmaz, Salih Emre"]
[Black "Sahin, Fehim"]
[Result "0-1"]
[WhiteElo "1038"]
[BlackElo "1631"]
[PlyCount "62"]
[EventDate "2019.07.16"]
[EventType "team-swiss"]
[EventRounds "9"]
[EventCountry "TUR"]
[SourceTitle "CBM 191 Extra"]
[Source "ChessBase"]
[SourceDate "2019.09.30"]
[SourceVersion "1"]
[SourceVersionDate "2019.09.30"]
[SourceQuality "1"]
[WhiteTeam "Mustafa Kemal Ortaokulu"]
[BlackTeam "Cedid"]
[WhiteTeamCountry "TUR"]
[BlackTeamCountry "TUR"]

1. e4 c6 2. d4 d5 3. exd5 Qxd5 4. Nc3 Qd8 5. Nf3 Bg4 6. h3 Bxf3 7. Qxf3 Qxd4 8. Be3 Qd8 9. Bc4 e6 10. Rd1 Nd7 11. 0-0 Ngf6 12. a4 Be7 13. Be2 0-0 14. Qg3 Re8 15. Bh6 Bf8 16. Bg5 Qb6 17. b3 Rac8 18. Bf3 g6 19. Ne4 Nxe4 20. Bxe4 Qc7 21. Bf4 e5 22. Bg5 Nc5 23. Rfe1 Nxe4 24. Rxe4 Bg7 25. Rde1 f6 26. Bd2 Re7 27. b4 Rce8 28. Rc4 Qd6 29. Qb3 Kh8 30. Rd1 Bh6 31. Qc3 Rd7 0-1

[Event "TUR-chT Clubs"]
[Site "Konya"]
[Date "2019.07.20"]
[Round "8.23"]
[White "Isik, Mehmet"]
[Black "Sahin, Fehim"]
[Result "0-1"]
[WhiteElo "1310"]
[BlackElo "1631"]
[PlyCount "69"]
[EventDate "2019.07.16"]
[EventType "team-swiss"]
[EventRounds "9"]
[EventCountry "TUR"]
[SourceTitle "CBM 191 Extra"]
[Source "ChessBase"]
[SourceDate "2019.09.30"]
[SourceVersion "1"]
[SourceVersionDate "2019.09.30"]
[SourceQuality "1"]
[WhiteTeam "Nusaybin Dernegi"]
[BlackTeam "Cedid"]
[WhiteTeamCountry "TUR"]
[BlackTeamCountry "TUR"]

1. e4 c6 2. Nf3 d5 3. exd5 cxd5 4. d4 Nc6 5. Bb5 Bd7 6. 0-0 a6 7. Ba4 Bg4 8. h3 Bh5 9. Nc3 e6 10. a3 b5 11. Bb3 Bxf3 12. gxf3 Qh4 13. f4 Qxh3 14. Ne2 Nf6 15. Qd3 Qxd3 16. cxd3 Bd6 17. f3 0-0 18. Kf2 Ne7 19. Bd2 a5 20. Rh1 Rfc8 21. Rag1 Nf5 22. Rg2 b4 23. a4 Bc7 24. Rhg1 Bb6 25. Be3 g6 26. Rh1 Rc6 27. Rhg1 Rac8 28. Rh2 Rc2 29. Bxc2 Rxc2 30. Rb1 Nh5 31. Rg2 Bxd4 32. Bxd4 Nxd4 33. Ke3 Nf5+ 34. Kf2 Nxf4 35. Re1 0-1

[Event "TUR-chT Clubs"]
[Site "Konya"]
[Date "2019.07.20"]
[Round "7.20"]
[White "Sahin, Fehim"]
[Black "Guvel, Emir"]
[Result "1-0"]
[WhiteElo "1631"]
[BlackElo "1360"]
[PlyCount "75"]
[EventDate "2019.07.16"]
[EventType "team-swiss"]
[EventRounds "9"]
[EventCountry "TUR"]
[SourceTitle "CBM 191 Extra"]
[Source "ChessBase"]
[SourceDate "2019.09.30"]
[SourceVersion "1"]
[SourceVersionDate "2019.09.30"]
[SourceQuality "1"]
[WhiteTeam "Cedid"]
[BlackTeam "Mersin Zeka"]
[WhiteTeamCountry "TUR"]
[BlackTeamCountry "TUR"]

1. d4 d5 2. f4 g6 3. Nf3 Nf6 4. e3 Bg7 5. Bd3 0-0 6. c3 b6 7. Nbd2 Ba6 8. Bxa6 Nxa6 9. Qe2 Qc8 10. 0-0 c5 11. Ne5 Ne8 12. Qd3 f6 13. Nef3 c4 14. Qc2 Nd6 15. e4 e6 16. e5 fxe5 17. fxe5 Nf5 18. Re1 b5 19. Nf1 b4 20. g4 Nh6 21. Qg2 Qd7 22. h4 Kh8 23. N1h2 Rab8 24. Bxh6 Bxh6 25. g5 Bg7 26. Ng4 Nc7 27. Nf6 Qf7 28. Qc2 Rfc8 29. Re2 Ne8 30. Rf1 Bf8 31. Nh2 Qg7 32. Ref2 Rc7 33. Nxd5 exd5 34. Rxf8+ Qxf8 35. Rxf8+ Kg7 36. Rf1 b3 37. axb3 Rxb3 38. Qf2 1-0

[Event "TUR-chT Clubs"]
[Site "Konya"]
[Date "2019.07.19"]
[Round "6.15"]
[White "Sahin, Fehim"]
[Black "Oflaz, Avni"]
[Result "1-0"]
[WhiteElo "1631"]
[BlackElo "1438"]
[PlyCount "39"]
[EventDate "2019.07.16"]
[EventType "team-swiss"]
[EventRounds "9"]
[EventCountry "TUR"]
[SourceTitle "CBM 191 Extra"]
[Source "ChessBase"]
[SourceDate "2019.09.30"]
[SourceVersion "1"]
[SourceVersionDate "2019.09.30"]
[SourceQuality "1"]
[WhiteTeam "Cedid"]
[BlackTeam "Selcuklu Belediyesi"]
[WhiteTeamCountry "TUR"]
[BlackTeamCountry "TUR"]

1. d4 d5 2. f4 Nf6 3. Nf3 Bf5 4. e3 e6 5. Bd3 Bg6 6. 0-0 Ne4 7. c4 c6 8. Qb3 Qc7 9. Bxe4 Bxe4 10. Nbd2 f5 11. Nxe4 fxe4 12. Ng5 Qe7 13. Nxe6 Qd7 14. Nxf8 Rxf8 15. Bd2 Rf6 16. Rac1 Rg6 17. Rc2 h5 18. Be1 a6 19. Bg3 b5 20. f5 1-0

[Event "TUR-chT Clubs"]
[Site "Konya"]
[Date "2019.07.18"]
[Round "5.9"]
[White "Bedir, Bekircan"]
[Black "Sahin, Fehim"]
[Result "1-0"]
[WhiteElo "1858"]
[BlackElo "1631"]
[PlyCount "107"]
[EventDate "2019.07.16"]
[EventType "team-swiss"]
[EventRounds "9"]
[EventCountry "TUR"]
[SourceTitle "CBM 191 Extra"]
[Source "ChessBase"]
[SourceDate "2019.09.30"]
[SourceVersion "1"]
[SourceVersionDate "2019.09.30"]
[SourceQuality "1"]
[WhiteTeam "Akcakoca Esentepe Okulu"]
[BlackTeam "Cedid"]
[WhiteTeamCountry "TUR"]
[BlackTeamCountry "TUR"]

1. e4 c6 2. d4 d5 3. Nc3 dxe4 4. Nxe4 Nf6 5. Ng3 e6 6. Nf3 Nbd7 7. Bd3 b6 8. Qe2 Be7 9. Bd2 Bb7 10. c4 g6 11. h4 h5 12. Ng5 Nf8 13. Bc3 Rg8 14. 0-0-0 N6h7 15. f4 Nxg5 16. hxg5 Qd7 17. Qf3 0-0-0 18. Rhe1 c5 19. Be4 Bxe4 20. Qxe4 Qb7 21. d5 Bd6 22. Be5 Bxe5 23. fxe5 Nh7 24. Qf3 Nxg5 25. Qf4 Nh7 26. Ne4 Qe7 27. Nd6+ Kb8 28. Qxf7 Rg7 29. Qxe7 Rxe7 30. Nb5 Nf8 31. d6 Rf7 32. Rf1 Rdd7 33. Nc7 Rf5 34. Ne8 Rdf7 35. Rxf5 gxf5 36. Nf6 Nd7 37. Nxd7+ Rxd7 38. Rh1 Rh7 39. g3 a6 40. Kd2 Kb7 41. Ke3 Rg7 42. Rxh5 Rxg3+ 43. Kf2 Rg6 44. Rh7+ Kc8 45. Rc7+ Kb8 46. Rh7 Kc8 47. Rc7+ Kb8 48. Re7 Kc8 49. a3 a5 50. Rc7+ Kb8 51. Rc6 Kb7 52. d7 Rg8 53. Rxe6 Rd8 54. Re7 1-0

[Event "TUR-chT Clubs"]
[Site "Konya"]
[Date "2019.07.17"]
[Round "3.22"]
[White "Sahin, Fehim"]
[Black "Sari, Emircan"]
[Result "1-0"]
[WhiteElo "1631"]
[BlackElo "1355"]
[PlyCount "59"]
[EventDate "2019.07.16"]
[EventType "team-swiss"]
[EventRounds "9"]
[EventCountry "TUR"]
[SourceTitle "CBM 191 Extra"]
[Source "ChessBase"]
[SourceDate "2019.09.30"]
[SourceVersion "1"]
[SourceVersionDate "2019.09.30"]
[SourceQuality "1"]
[WhiteTeam "Cedid"]
[BlackTeam "Dumlupinar Turk"]
[WhiteTeamCountry "TUR"]
[BlackTeamCountry "TUR"]

1. d4 Nf6 2. Bf4 g6 3. Nf3 Bg7 4. e3 0-0 5. Bd3 d6 6. Nbd2 Nbd7 7. 0-0 c5 8. c3 a6 9. h3 b5 10. dxc5 Nxc5 11. Bc2 Bb7 12. Qe2 Nfe4 13. Nxe4 Nxe4 14. Nd2 Nc5 15. Rfd1 Qc7 16. a3 Rac8 17. f3 Rfe8 18. Bg3 Rcd8 19. Bf2 Qc6 20. e4 d5 21. exd5 Qxd5 22. a4 Rb8 23. Qe3 Nd7 24. axb5 axb5 25. Ne4 e6 26. Ra7 Qc6 27. h4 b4 28. Ba4 Qc4 29. b3 Qc8 30. Bxd7 1-0

[Event "TUR Cup"]
[Site "Antalya"]
[Date "2019.01.31"]
[Round "7"]
[White "Sahin, Fehim"]
[Black "Kurt, Emre"]
[Result "1-0"]
[WhiteElo "1555"]
[BlackElo "1677"]
[PlyCount "89"]
[EventDate "2019.01.27"]
[EventType "swiss"]
[EventRounds "11"]
[EventCountry "TUR"]
[SourceTitle "CBM 188 Extra"]
[Source "ChessBase"]
[SourceDate "2019.02.26"]
[SourceVersion "1"]
[SourceVersionDate "2019.02.26"]
[SourceQuality "1"]

1. d4 d5 2. f4 Nf6 3. Nf3 Bf5 4. e3 e6 5. c4 c6 6. Nc3 Nbd7 7. Bd3 dxc4 8. Bxc4 Bd6 9. Bd3 0-0 10. e4 Bb4 11. exf5 exf5 12. 0-0 g6 13. Qb3 c5 14. Bc4 Kg7 15. d5 a6 16. a4 Nb6 17. Bd2 Nxc4 18. Qxc4 Qd6 19. Rad1 Rfe8 20. Ne5 h5 21. Qd3 Ng4 22. Nc4 Qd8 23. h3 b5 24. axb5 axb5 25. Nxb5 Bxd2 26. Nxd2 Ne3 27. Nc4 Nxf1 28. Kxf1 Qb8 29. Ncd6 Rd8 30. Qc3+ Kg8 31. Qxc5 Ra5 32. Qc6 Rxb5 33. Nxb5 Qxf4+ 34. Kg1 Qe3+ 35. Kh1 Qe2 36. Nc3 Qxb2 37. d6 Qb8 38. d7 f4 39. Re1 Kf8 40. Nd5 f3 41. gxf3 Qg3 42. Re8+ Kg7 43. Qf6+ Kh6 44. Rh8+ Rxh8 45. Qxh8+ 1-0

[Event "TUR Cup"]
[Site "Antalya"]
[Date "2019.01.29"]
[Round "4"]
[White "Sahin, Fehim"]
[Black "Camdereli, Gunduz"]
[Result "1/2-1/2"]
[WhiteElo "1555"]
[BlackElo "1724"]
[PlyCount "104"]
[EventDate "2019.01.27"]
[EventType "swiss"]
[EventRounds "11"]
[EventCountry "TUR"]
[SourceTitle "CBM 188 Extra"]
[Source "ChessBase"]
[SourceDate "2019.02.26"]
[SourceVersion "1"]
[SourceVersionDate "2019.02.26"]
[SourceQuality "1"]

1. d4 Nf6 2. c4 g6 3. Nc3 d5 4. e3 Bg7 5. cxd5 Nxd5 6. Bc4 Nb6 7. Bb3 0-0 8. h4 c5 9. dxc5 N6d7 10. Na4 Na6 11. c6 bxc6 12. h5 Ndc5 13. hxg6 hxg6 14. Ne2 Nxb3 15. Qxb3 Rb8 16. Qd1 Qxd1+ 17. Kxd1 Rd8+ 18. Bd2 Nb4 19. Nd4 Bxd4 20. exd4 Rxd4 21. Nc5 Bf5 22. Ke2 Rd5 23. Bc3 f6 24. Nb3 Bd3+ 25. Kf3 Rf5+ 26. Kg3 Rg5+ 27. Kf3 Bc4 28. Rh4 Bd5+ 29. Ke2 Bxb3 30. axb3 Nd5 31. b4 Nxc3+ 32. bxc3 Rb7 33. Rc4 c5 34. f4 Rxg2+ 35. Kf3 Rd2 36. Rxc5 Kf7 37. Re1 Ke8 38. Ke4 Rbd7 39. Re3 Kf7 40. Kf3 Ke8 41. Rc8+ Kf7 42. Rc6 Ke8 43. Rxf6 R7d6 44. Rxd6 Rxd6 45. Ke2 Rf6 46. Re4 Rf5 47. Ke3 a5 48. Rd4 axb4 49. cxb4 g5 50. fxg5 Rxg5 51. Kd3 Rg6 52. b5 Rd6 1/2-1/2

[Event "TUR Cup"]
[Site "Antalya"]
[Date "2019.01.28"]
[Round "2"]
[White "Sahin, Fehim"]
[Black "Canbulan, Arda"]
[Result "1/2-1/2"]
[WhiteElo "1555"]
[BlackElo "1884"]
[PlyCount "122"]
[EventDate "2019.01.27"]
[EventType "swiss"]
[EventRounds "11"]
[EventCountry "TUR"]
[SourceTitle "CBM 188 Extra"]
[Source "ChessBase"]
[SourceDate "2019.02.26"]
[SourceVersion "1"]
[SourceVersionDate "2019.02.26"]
[SourceQuality "1"]

1. d4 Nf6 2. c4 e5 3. e3 exd4 4. exd4 Bb4+ 5. Bd2 Qe7+ 6. Qe2 0-0 7. Qxe7 Bxe7 8. Bd3 d5 9. c5 b6 10. cxb6 axb6 11. Ne2 Ba6 12. Bxa6 Nxa6 13. 0-0 Ne4 14. f3 Nxd2 15. Nxd2 Bf6 16. Nb3 c5 17. a3 Rfe8 18. Kf2 c4 19. Nbc1 Nb4 20. Rd1 Re7 21. Rd2 Nc6 22. Na2 Na5 23. Rad1 Nb3 24. Rc2 Kf8 25. Nb4 Rd7 26. Rc3 Re8 27. Re3 Re6 28. Rxe6 fxe6 29. Ke3 e5 30. dxe5 Bxe5 31. Rxd5 Re7 32. Kf2 Bxb2 33. Rd6 b5 34. Nd5 Bxa3 35. Rd8+ Re8 36. Rxe8+ Kxe8 37. Nc7+ Kd7 38. Nxb5 Bc5+ 39. Ke1 Kc6 40. Nbc3 Bb4 41. Kd1 Kc5 42. Ne4+ Kd5 43. Kc2 h6 44. N4c3+ Ke5 45. f4+ Kf5 46. h3 Bc5 47. g4+ Ke6 48. Nb5 Kd5 49. Nbc3+ Ke6 50. Nb5 Be3 51. Kc3 Kd5 52. Nc7+ Ke4 53. f5 Kf3 54. Kxc4 Nd2+ 55. Kd3 Ne4 56. Nd4+ Bxd4 57. Kxd4 Ng5 58. Ne6 Nxh3 59. Nxg7 Kxg4 60. f6 Ng5 61. Ke5 h5 1/2-1/2

[Event "TUR Cup										"]
[Site "Antalya"]
[Date "2018.01.30"]
[Round "5"]
[White "Karakus, Ali"]
[Black "Sahin, Fehim"]
[Result "0-1"]
[WhiteElo "1156"]
[BlackElo "1577"]
[PlyCount "136"]
[EventDate "2018.01.27"]
[EventType "swiss"]
[EventRounds "11"]
[EventCountry "TUR"]
[SourceTitle "CBM 182 Extra"]
[Source "ChessBase"]
[SourceDate "2018.02.23"]
[SourceVersion "1"]
[SourceVersionDate "2018.02.23"]
[SourceQuality "1"]

1. e4 c5 2. Nf3 Nc6 3. d4 cxd4 4. Nxd4 d6 5. Nc3 a6 6. Be3 Nf6 7. f3 g6 8. Qd2 Bg7 9. 0-0-0 Nxd4 10. Bxd4 0-0 11. Kb1 b5 12. g4 Be6 13. Ne2 Qc7 14. h4 Bc4 15. Nc1 e5 16. Be3 d5 17. Bxc4 dxc4 18. h5 Rfd8 19. Qh2 Rxd1 20. Rxd1 Rd8 21. Rxd8+ Qxd8 22. h6 Bh8 23. Bd2 Qd6 24. Bc3 Nd7 25. Qh1 Bf6 26. a3 Bg5 27. Na2 Bf4 28. Nb4 Nf6 29. Na2 Ne8 30. Bb4 Qb6 31. Nc3 Nf6 32. Ne2 Bg5 33. Ng3 Kh8 34. Bc3 Qd6 35. Ka2 Ng8 36. Qh2 f6 37. Qf2 Bxh6 38. Qa7 Bg7 39. Bb4 Qd1 40. g5 Qxf3 41. Be1 fxg5 42. Qxa6 Qe3 43. Qa5 h5 44. Qd8 Qxe1 45. Qxg5 Kh7 46. Nxh5 gxh5 47. Qxh5+ Nh6 48. Qf3 Qd2 49. Kb1 Qf4 50. Qg2 Ng4 51. Qh3+ Kg6 52. Qg2 Bh6 53. Ka2 Bg5 54. Qg1 Qxe4 55. Qb6+ Kf5 56. Qxb5 Qxc2 57. Qd7+ Kf4 58. Qf7+ Nf6 59. Qc7 c3 60. Qxc3 Qxc3 61. bxc3 e4 62. a4 e3 63. a5 e2 64. a6 e1Q 65. a7 Qe4 66. c4 Qb7 67. c5 Qxa7+ 68. Kb1 Qxc5 0-1

[Event "TUR Cup										"]
[Site "Antalya"]
[Date "2018.01.30"]
[Round "6"]
[White "Sahin, Fehim"]
[Black "Bozkurt, Serkan"]
[Result "0-1"]
[WhiteElo "1577"]
[BlackElo "1593"]
[PlyCount "108"]
[EventDate "2018.01.27"]
[EventType "swiss"]
[EventRounds "11"]
[EventCountry "TUR"]
[SourceTitle "CBM 182 Extra"]
[Source "ChessBase"]
[SourceDate "2018.02.23"]
[SourceVersion "1"]
[SourceVersionDate "2018.02.23"]
[SourceQuality "1"]

1. d4 d6 2. g3 g6 3. b3 Bg7 4. Bb2 Nd7 5. Bg2 e5 6. c3 Ne7 7. Nd2 0-0 8. e4 a6 9. Ne2 f5 10. f3 Rb8 11. 0-0 f4 12. gxf4 exf4 13. Qc2 g5 14. c4 c6 15. Rad1 Qe8 16. Qd3 Qg6 17. Bc3 b5 18. Kh1 Nf6 19. Ba5 Rb7 20. Nb1 Qh6 21. Bd2 Nh5 22. Kg1 d5 23. cxd5 cxd5 24. Nbc3 Nf6 25. b4 Be6 26. Rfe1 Rd7 27. Kh1 Ng6 28. e5 Nh5 29. Bc1 Nh4 30. Kg1 Nxg2 31. Kxg2 Ng3 32. Ng1 Nf5 33. Rd2 Ne3+ 34. Kh1 Bf5 35. Qe2 Rc7 36. Bb2 Nc4 37. Rdd1 Rfc8 38. Ba1 Ne3 39. Rc1 g4 40. fxg4 Bxg4 41. Qf2 Bf8 42. a3 Be7 43. Nf3 Kh8 44. Bb2 Qh5 45. Ng1 Bh4 46. Qxf4 Bg5 47. Qg3 Nf5 48. Qd3 Bxc1 49. Rxc1 Nh4 50. Rf1 Rf7 51. Nxd5 Rxf1 52. Qxf1 Nf3 53. h3 Rc2 54. Ne2 Rxe2 0-1

[Event "TUR Cup"]
[Site "Antalya"]
[Date "2017.02.02"]
[Round "8"]
[White "Araboga, Mesut"]
[Black "Sahin, Fehim"]
[Result "1-0"]
[WhiteElo "1728"]
[BlackElo "1609"]
[PlyCount "53"]
[EventDate "2017.01.28"]
[EventType "swiss"]
[EventRounds "11"]
[EventCountry "TUR"]
[SourceTitle "CBM 176 Extra"]
[Source "ChessBase"]
[SourceDate "2017.03.02"]
[SourceVersion "1"]
[SourceVersionDate "2017.03.02"]
[SourceQuality "1"]

1. e4 c6 2. d4 d5 3. e5 Bf5 4. g4 Bg6 5. h4 h5 6. e6 Qd6 7. exf7+ Bxf7 8. g5 e5 9. Qe2 Nd7 10. Bf4 Ne7 11. Bxe5 Nxe5 12. dxe5 Qg6 13. Nc3 Be6 14. 0-0-0 Qf7 15. Kb1 g6 16. Bh3 Nf5 17. Nf3 0-0-0 18. Nd4 Bc5 19. Nxe6 Qxe6 20. f4 Rhf8 21. Rhf1 Kc7 22. Qd3 Bb6 23. Rf3 Rf7 24. Ne4 Rff8 25. Nf6 Bc5 26. Bxf5 gxf5 27. Nxh5 1-0

[Event "TUR Cup"]
[Site "Antalya"]
[Date "2017.01.31"]
[Round "6"]
[White "Yassibag, Yusuf"]
[Black "Sahin, Fehim"]
[Result "0-1"]
[WhiteElo "1304"]
[BlackElo "1609"]
[PlyCount "66"]
[EventDate "2017.01.28"]
[EventType "swiss"]
[EventRounds "11"]
[EventCountry "TUR"]
[SourceTitle "CBM 176 Extra"]
[Source "ChessBase"]
[SourceDate "2017.03.02"]
[SourceVersion "1"]
[SourceVersionDate "2017.03.02"]
[SourceQuality "1"]

1. c4 c6 2. Nc3 Nf6 3. Nf3 d5 4. cxd5 Nxd5 5. e4 Nb6 6. d4 Bg4 7. h3 Bh5 8. Be2 e6 9. a3 Be7 10. 0-0 0-0 11. Be3 N8d7 12. Qc2 Rc8 13. Rad1 Qc7 14. e5 Bg6 15. Bd3 Rfd8 16. Bxg6 hxg6 17. Bg5 Bxg5 18. Nxg5 Nf8 19. Nce4 f6 20. Nd6 fxg5 21. Nxc8 Rxc8 22. Qe4 Nd5 23. g3 Qf7 24. Rd3 Qf5 25. Qxf5 gxf5 26. f4 gxf4 27. gxf4 Ng6 28. Rdf3 c5 29. dxc5 Rxc5 30. R1f2 Rc4 31. Kh2 Ngxf4 32. h4 Ng6 33. h5 Nxe5 0-1

[Event "Manavgat Turkey Cup"]
[Site "Manavgat"]
[Date "2016.02.02"]
[Round "5"]
[White "Celik, Erdinc"]
[Black "Sahin, Fehim"]
[Result "1-0"]
[WhiteElo "1706"]
[BlackElo "1618"]
[PlyCount "68"]
[EventDate "2016.01.30"]
[EventType "swiss"]
[EventRounds "11"]
[EventCountry "TUR"]
[SourceTitle "CBM 170 Extra"]
[Source "ChessBase"]
[SourceDate "2016.02.25"]
[SourceVersion "1"]
[SourceVersionDate "2016.02.25"]
[SourceQuality "1"]

1. f4 d5 2. Nf3 Bf5 3. e3 Nf6 4. Be2 e6 5. 0-0 c5 6. Bb5+ Nc6 7. Ne5 Qb6 8. Ba4 Bd6 9. d4 0-0 10. c3 Rac8 11. Kh1 Rfd8 12. h3 Ne4 13. g4 Bg6 14. Kg2 f6 15. Nxg6 hxg6 16. Nd2 Nxd2 17. Qxd2 f5 18. Bc2 cxd4 19. exd4 Re8 20. Re1 Kf7 21. Qe2 Re7 22. Bb3 Rh8 23. Qf3 Qa5 24. Re2 b5 25. Bxd5 Nd8 26. Bb3 b4 27. c4 fxg4 28. hxg4 g5 29. c5 Bxf4 30. Bxf4 gxf4 31. Qxf4+ Ke8 32. Rae1 Rf8 33. Qe5 Nc6 34. Qd6 Qc7 1-0

[Event "Manavgat Turkey Cup"]
[Site "Manavgat"]
[Date "2016.02.01"]
[Round "4"]
[White "Sahin, Fehim"]
[Black "Aycicek, Sahin"]
[Result "1-0"]
[WhiteElo "1618"]
[BlackElo "1649"]
[PlyCount "80"]
[EventDate "2016.01.30"]
[EventType "swiss"]
[EventRounds "11"]
[EventCountry "TUR"]
[SourceTitle "CBM 170 Extra"]
[Source "ChessBase"]
[SourceDate "2016.02.25"]
[SourceVersion "1"]
[SourceVersionDate "2016.02.25"]
[SourceQuality "1"]

1. d4 d5 2. f4 Bf5 3. Nf3 e6 4. e3 c5 5. c3 Nc6 6. Bd3 Bxd3 7. Qxd3 f5 8. 0-0 Nf6 9. b3 Be7 10. Nbd2 Qa5 11. Bb2 cxd4 12. exd4 Ne4 13. Ne5 0-0 14. Rfe1 Rac8 15. Nxe4 Nxe5 16. fxe5 dxe4 17. Qe2 Rfd8 18. a4 Rxc3 19. Bxc3 Qxc3 20. Qc4 Qxc4 21. bxc4 Rxd4 22. Red1 Rxc4 23. Rac1 Rxc1 24. Rxc1 b6 25. Rc8+ Kf7 26. Rc7 a5 27. Kf1 g5 28. Rb7 f4 29. Rxb6 Bc5 30. Rc6 Bd4 31. Ke2 h6 32. h3 h5 33. Rc4 Bxe5 34. Rc5 Kf6 35. Rxa5 g4 36. Rb5 Kf5 37. hxg4+ hxg4 38. a5 e3 39. a6 Ke4 40. Rxe5+ Kxe5 1-0